| 000 | 00000nas 2200000za 4500 |
| 001 | 9.842857 |
| 003 | CaOODSP |
| 005 | 20251103145408 |
| 007 | cr ||||||||||| |
| 008 | 170831c20169999onc x m o f0 b0fre|d |
| 040 | |aCaOODSP|bfre |
| 043 | |an-cn--- |
| 086 | 1 |aD97-4F-PDF |
| 130 | 0 |aSérie gestionnaires (Centre de la sécurité des télécommunications (Canada)) |
| 245 | 10|aSérie gestionnaires |h[ressource électronique] : |bconseils en matière des technologies de l'information. |
| 260 | |a[Ottawa] : |bCentre de la sécurité des télécommunications = Communications Security Establishment, |c[2016]- |
| 310 | |aIrrégulier |
| 362 | 1 |aParaît depuis : ITSM.80.001 (juillet 2016). |
| 500 | |aPubl. aussi en anglais sous le titre : Management series, information technology security guidance. |
| 692 | 07|2gccst|aTechnologie de l'information |
| 692 | 07|2gccst|aGouvernement fédéral |
| 692 | 07|2gccst|aSécurité |
| 710 | 2 |aCentre de la sécurité des télécommunications (Canada) |
| 775 | 08|tManagement series |w(CaOODSP)9.842856 |